<?xml version="1.0" encoding="UTF-8"?>
<record
    xmlns:xsi="http://www.w3.org/2001/XMLSchema-instance"
    xsi:schemaLocation="http://www.loc.gov/MARC21/slim http://www.loc.gov/standards/marcxml/schema/MARC21slim.xsd"
    xmlns="http://www.loc.gov/MARC21/slim">

  <leader>01048    a2200289   4500</leader>
  <controlfield tag="003">OSt</controlfield>
  <controlfield tag="005">20260203103335.0</controlfield>
  <controlfield tag="008">120214t        xxu||||| |||| 00| 0 eng d</controlfield>
  <datafield tag="010" ind1=" " ind2=" ">
    <subfield code="a">  2004110958</subfield>
  </datafield>
  <datafield tag="020" ind1=" " ind2=" ">
    <subfield code="a">9780500342060</subfield>
  </datafield>
  <datafield tag="020" ind1=" " ind2=" ">
    <subfield code="a">0500342067</subfield>
  </datafield>
  <datafield tag="040" ind1=" " ind2=" ">
    <subfield code="c">0</subfield>
  </datafield>
  <datafield tag="082" ind1=" " ind2=" ">
    <subfield code="a">720.92</subfield>
  </datafield>
  <datafield tag="100" ind1="1" ind2=" ">
    <subfield code="a">Steele, James,</subfield>
    <subfield code="9">31745</subfield>
  </datafield>
  <datafield tag="245" ind1="1" ind2="4">
    <subfield code="a">The architecture of Rasem Badran :</subfield>
    <subfield code="b">narratives on people and place /</subfield>
    <subfield code="c">James Steele.</subfield>
  </datafield>
  <datafield tag="246" ind1="3" ind2="0">
    <subfield code="a">Rasem Badran</subfield>
  </datafield>
  <datafield tag="260" ind1=" " ind2=" ">
    <subfield code="a">New York, N.Y. :</subfield>
    <subfield code="b">Thames &amp; Hudson,</subfield>
    <subfield code="c">2005.</subfield>
  </datafield>
  <datafield tag="300" ind1=" " ind2=" ">
    <subfield code="a">256 p. :</subfield>
    <subfield code="b">ill. (some col.) ;</subfield>
    <subfield code="c">28 cm.</subfield>
  </datafield>
  <datafield tag="500" ind1=" " ind2=" ">
    <subfield code="a">Includes index.</subfield>
  </datafield>
  <datafield tag="600" ind1="1" ind2="0">
    <subfield code="a">Badran, Rasem,</subfield>
    <subfield code="d">1945-</subfield>
    <subfield code="x">Criticism and interpretation.</subfield>
    <subfield code="9">31746</subfield>
  </datafield>
  <datafield tag="650" ind1=" " ind2="0">
    <subfield code="a">Architecture</subfield>
    <subfield code="z">Middle East</subfield>
    <subfield code="x">History</subfield>
    <subfield code="y">20th century.</subfield>
    <subfield code="9">31747</subfield>
  </datafield>
  <datafield tag="650" ind1=" " ind2="0">
    <subfield code="a">Architecture</subfield>
    <subfield code="z">Middle East</subfield>
    <subfield code="x">History</subfield>
    <subfield code="y">21st century.</subfield>
    <subfield code="9">31748</subfield>
  </datafield>
  <datafield tag="700" ind1="1" ind2=" ">
    <subfield code="a">Badran, Rasem,</subfield>
    <subfield code="d">1945-</subfield>
    <subfield code="9">31749</subfield>
  </datafield>
  <datafield tag="942" ind1=" " ind2=" ">
    <subfield code="a">SADA</subfield>
    <subfield code="c">BK</subfield>
    <subfield code="k">720.92 STE 2005</subfield>
    <subfield code="2">ddc</subfield>
  </datafield>
  <datafield tag="999" ind1=" " ind2=" ">
    <subfield code="c">352146</subfield>
    <subfield code="d">352146</subfield>
  </datafield>
  <datafield tag="952" ind1=" " ind2=" ">
    <subfield code="0">0</subfield>
    <subfield code="1">0</subfield>
    <subfield code="2">ddc</subfield>
    <subfield code="4">0</subfield>
    <subfield code="7">0</subfield>
    <subfield code="a">SADA</subfield>
    <subfield code="b">SADA</subfield>
    <subfield code="d">2010-09-17</subfield>
    <subfield code="o">720.92 STE 2005</subfield>
    <subfield code="p">SADA0000131</subfield>
    <subfield code="r">2011-08-05</subfield>
    <subfield code="t">01</subfield>
    <subfield code="v">4851.00</subfield>
    <subfield code="w">2011-08-05</subfield>
    <subfield code="y">BK</subfield>
  </datafield>
  <datafield tag="952" ind1=" " ind2=" ">
    <subfield code="0">0</subfield>
    <subfield code="1">0</subfield>
    <subfield code="2">ddc</subfield>
    <subfield code="4">0</subfield>
    <subfield code="7">0</subfield>
    <subfield code="a">SADA</subfield>
    <subfield code="b">SADA</subfield>
    <subfield code="d">2010-10-01</subfield>
    <subfield code="l">5</subfield>
    <subfield code="o">REF 720.92 STE 2005</subfield>
    <subfield code="p">SADA0000302</subfield>
    <subfield code="r">2015-09-16</subfield>
    <subfield code="s">2015-09-15</subfield>
    <subfield code="t">02</subfield>
    <subfield code="v">3882.00</subfield>
    <subfield code="w">2011-08-05</subfield>
    <subfield code="y">REF</subfield>
  </datafield>
</record>
